000 00192nam a2200109Ia 4500
100 _aMOLLY/IZZARD
942 _cBK
245 _aTHE GULF
260 _b#N/A
546 _aENGLISH
999 _c24091
_d24091